| 000 | 01238njm a2200277Ia 4500 | ||
|---|---|---|---|
| 001 | 64460 | ||
| 003 | IT-RoPAU | ||
| 005 | 20220918181127.0 | ||
| 008 | 131025s9999 xx 000 0 und d | ||
| 040 | _aIT-RoPAU | ||
| 040 | _cIT-RoPAU | ||
| 999 |
_c100256 _d100256 |
||
| 999 | _bn.d. | ||
| 100 |
_aBeatles (The) _923424 |
||
| 100 |
_eAutore musica _923425 |
||
| 100 |
_gCodice autore musica SPICS: 9428 _923426 |
||
| 245 | _aLet It Be (The Beatles)-Cdp7 46447 2 | ||
| 250 | _a1a ed. | ||
| 260 | _aENGLAND | ||
| 260 |
_bEMI RECORDS _c1987 [1a Ed.:1970 - Ed. Lingua Orig.: 1970] |
||
| 300 | _aCOMPACT DISC | ||
| 500 | _aMusica pop. | ||
| 505 | _aTwo of Us (Lennon-McCartney) - Dig A Pony (Lennon-McCartney) - Across the Universe (Lennon-McCartney) - I Me Mine (Harrison) - Let It Be (Lennon-McCartney) - Dig It (Lennon-McCartney-Starkey-Harrison) - Maggie Mae (Trad. arr. Lennon-McCartney-Harrison-Starkey) - I've Got A Feeling (Lennon-McCartney) - One After 909 (Lennon-McCartney) - The Long and Winding Road (Lennon-McCartney) - For You Blue (Harrison) - Get Back (Lennon-McCartney) | ||
| 650 |
_aPOP [COMPACT DISC] _eCodice MATERIA SPICS: 9949 _910570 |
||
| 700 |
_aBeatles (The) _gCodice interprete SPICS: 9428 _eInterprete _923427 |
||
| 942 |
_cCD _2ddc |
||